[Event "CRO-chT1A 30th"]
[Site "Porec"]
[Date "2022.09.24"]
[Round "1.5"]
[White "Palac, Mladen"]
[Black "Ivekovic, Bozidar1111"]
[Result "1/2-1/2"]
[WhiteElo "2516"]
[BlackElo "2407"]
[PlyCount "39"]
[EventDate "2022.09.24"]
[EventType "team-tourn"]
[EventRounds "9"]
[EventCountry "CRO"]
[SourceTitle "CBM 210 Extra"]
[Source "ChessBase"]
[SourceDate "2022.11.30"]
[SourceVersion "1"]
[SourceVersionDate "2022.11.30"]
[SourceQuality "1"]
[WhiteTeam "Zagreb Zagreb"]
[BlackTeam "Novo Virje Konaki"]
[WhiteTeamCountry "CRO"]
[BlackTeamCountry "CRO"]

1. e4 c5 2. Nf3 d6 3. d4 cxd4 4. Nxd4 Nf6 5. Nc3 Nc6 6. Bg5 e6 7. Qd2 a6 8. 0-0-0 Bd7 9. Kb1 b5 10. Nxc6 Bxc6 11. f3 Be7 12. Bd3 Rc8 13. h4 h6 14. Be3 h5 15. Bg5 Qb6 16. Ne2 b4 17. c4 bxc3 18. Nxc3 Rb8 19. Qe2 a5 20. Rd2 1/2-1/2

[Event "BIH-chT 20th"]
[Site "Neum"]
[Date "2022.09.13"]
[Round "4.3"]
[White "Dardha, Daniel"]
[Black "Palac, Mladen"]
[Result "1-0"]
[WhiteElo "2604"]
[BlackElo "2516"]
[PlyCount "119"]
[EventDate "2022.09.10"]
[EventType "team-tourn"]
[EventRounds "9"]
[EventCountry "BIH"]
[SourceTitle "CBM 210 Extra"]
[Source "ChessBase"]
[SourceDate "2022.11.30"]
[SourceVersion "1"]
[SourceVersionDate "2022.11.30"]
[SourceQuality "1"]
[WhiteTeam "Konjic Igman"]
[BlackTeam "Siroki Brijeg"]
[WhiteTeamCountry "BIH"]
[BlackTeamCountry "BIH"]

1. e4 e5 2. Nf3 Nc6 3. Bc4 Bc5 4. c3 Nf6 5. d3 0-0 6. 0-0 d6 7. h3 h6 8. Re1 a5 9. Bb5 Ne7 10. d4 Ba7 11. Nbd2 Ng6 12. Bd3 Be6 13. Nf1 Nh7 14. Ng3 Ng5 15. Nf5 Re8 16. Be3 Nxf3+ 17. Qxf3 d5 18. Qg3 dxe4 19. Bxe4 Qd7 20. Qf3 c6 21. Rad1 Qc7 22. d5 cxd5 23. Bxd5 Bxe3 24. Nxe3 Rad8 25. Bxe6 Rxe6 26. Rxd8+ Qxd8 27. Rd1 Qc7 28. Qe4 Ne7 29. h4 h5 30. Qa4 Rc6 31. Nd5 Nxd5 32. Rxd5 b6 33. Qd1 Rh6 34. Qd3 Rg6 35. Qf5 Re6 36. Qxh5 e4 37. Qg5 Qc6 38. Rd8+ Re8 39. c4 Rxd8 40. Qxd8+ Kh7 41. Qd4 f5 42. g3 Qg6 43. Qe3 Qd6 44. b3 g6 45. Kg2 Kg7 46. Qg5 Qd1 47. Qf4 Kf6 48. Qb8 Qf3+ 49. Kg1 Qd1+ 50. Kh2 Qd2 51. Qxb6+ Kf7 52. a3 Qc2 53. Kg2 Qd2 54. b4 axb4 55. axb4 e3 56. Qa7+ Kf6 57. Qxe3 Qxb4 58. Qd4+ Kf7 59. Qd5+ Kf6 60. c5 1-0

[Event "BIH-chT 20th"]
[Site "Neum"]
[Date "2022.09.10"]
[Round "1.3"]
[White "Palac, Mladen"]
[Black "Saric, Ibro"]
[Result "1/2-1/2"]
[WhiteElo "2516"]
[BlackElo "2542"]
[PlyCount "31"]
[EventDate "2022.09.10"]
[EventType "team-tourn"]
[EventRounds "9"]
[EventCountry "BIH"]
[SourceTitle "CBM 210 Extra"]
[Source "ChessBase"]
[SourceDate "2022.11.30"]
[SourceVersion "1"]
[SourceVersionDate "2022.11.30"]
[SourceQuality "1"]
[WhiteTeam "Siroki Brijeg"]
[BlackTeam "Pazaric Bjelasnica"]
[WhiteTeamCountry "BIH"]
[BlackTeamCountry "BIH"]

1. e4 e5 2. Nf3 Nc6 3. Bb5 a6 4. Ba4 d6 5. c3 Bd7 6. d4 Nf6 7. Nbd2 Be7 8. 0-0 0-0 9. Re1 b5 10. Bc2 Re8 11. h3 Bf8 12. Nf1 g6 13. Ng3 Bg7 14. Be3 Qb8 15. Qd2 Qb7 16. Rad1 1/2-1/2